00278nam a2200097Ia 4500008004100000100001800041245005000059260004500109260000900154999001700163170620s9999 xx 000 0 und d aMahmud- Jafar 0aPsychological Perception- Anatomy of Judgment bNew Delhi- A.P.H. Publishing corporation c2005 c24772d24772